[Event "Barcelona La Lira op 14th"]
[Site "Barcelona"]
[Date "2023.06.15"]
[Round "9"]
[White "Munoz Prior, Marcelo"]
[Black "Rodriguez Guillen, Carlos"]
[Result "1-0"]
[WhiteElo "1435"]
[BlackElo "1740"]
[PlyCount "45"]
[EventDate "2023.04.20"]
[EventType "swiss"]
[EventRounds "9"]
[EventCountry "ESP"]
[SourceTitle "EXT 2024"]
[Source "ChessBase"]
[SourceDate "2023.10.10"]
[SourceVersion "1"]
[SourceVersionDate "2023.10.10"]
[SourceQuality "1"]

1. d4 c5 2. d5 Nf6 3. Nc3 g6 4. e4 d6 5. Nf3 Bg7 6. h3 a6 7. a4 0-0 8. a5 e6 9. Be2 b5 10. axb6 Qxb6 11. Nd2 exd5 12. exd5 Nbd7 13. Nc4 Qc7 14. Bf4 Re8 15. Bxd6 Qb7 16. 0-0 Nb6 17. Na5 Qd7 18. Bxc5 Nfxd5 19. Nxd5 Nxd5 20. Bf3 Rd8 21. c4 Qc7 22. Bxd5 Qxc5 23. Bxf7+ 1-0

[Event "Ship Zenith op 8th"]
[Site "Ship Zenith"]
[Date "2019.11.10"]
[Round "3.4"]
[White "Orti Boix, Miguel"]
[Black "Munoz Prior, Marcelo"]
[Result "1-0"]
[WhiteElo "1665"]
[BlackElo "1479"]
[PlyCount "85"]
[EventDate "2019.11.09"]
[EventType "swiss"]
[EventRounds "8"]
[EventCountry "ESP"]
[SourceTitle "EXT 2024"]
[Source "ChessBase"]
[SourceDate "2023.10.10"]
[SourceVersion "1"]
[SourceVersionDate "2023.10.10"]
[SourceQuality "1"]

1. e4 g6 2. d4 Bg7 3. c4 d6 4. Nf3 e6 5. Bd3 Nc6 6. Be3 Nge7 7. Nc3 Qd7 8. Rc1 b6 9. Qd2 h6 10. 0-0 e5 11. dxe5 dxe5 12. Nd5 Nxd5 13. cxd5 Ne7 14. Qc3 0-0 15. Qxc7 g5 16. Qxd7 Bxd7 17. Rc7 Rfd8 18. Rfc1 Kf8 19. Ba6 Bc8 20. Bxc8 Nxc8 21. Bd2 f6 22. Bb4+ Kg8 23. Rb7 Nd6 24. Bxd6 Rxd6 25. Rcc7 Bf8 26. Rxa7 Rdd8 27. Rxa8 Rxa8 28. a3 Ra4 29. Nd2 Rd4 30. Rc2 Rd3 31. Kf1 b5 32. Ke2 Rd4 33. f3 Kf7 34. Rc7+ Ke8 35. Rb7 b4 36. Nb3 Rc4 37. Kd3 Rc8 38. axb4 Be7 39. Na5 Rc1 40. Nc6 Bf8 41. Rb8+ Kf7 42. b5 Bc5 43. b6 1-0

[Event "Foment Martinenc op-B 21st"]
[Site "Barcelona"]
[Date "2019.06.01"]
[Round "6"]
[White "Munoz Prior, Marcelo"]
[Black "Abascal Vicente, Ignacio"]
[Result "1/2-1/2"]
[WhiteElo "1427"]
[BlackElo "1677"]
[PlyCount "40"]
[EventDate "2019.04.27"]
[EventType "swiss"]
[EventRounds "9"]
[EventCountry "ESP"]
[SourceTitle "EXT 2020"]
[Source "ChessBase"]
[SourceDate "2019.10.17"]
[SourceVersion "1"]
[SourceVersionDate "2019.10.17"]
[SourceQuality "1"]

1. d4 d5 2. Nf3 Nf6 3. g3 e6 4. Bg2 Nbd7 5. 0-0 Be7 6. c4 c6 7. Qb3 Qb6 8. c5 Qxb3 9. axb3 a6 10. Nc3 Ne4 11. Bf4 0-0 12. Nxe4 dxe4 13. Ng5 Bxg5 14. Bxg5 f5 15. f3 exf3 16. Bxf3 e5 17. e3 e4 18. Be2 Nf6 19. Bxf6 Rxf6 20. b4 Rb8 1/2-1/2

[Event "Foment Martinenc op-B 21st"]
[Site "Barcelona"]
[Date "2019.05.18"]
[Round "4"]
[White "Pinyol I Llora, Julia"]
[Black "Munoz Prior, Marcelo"]
[Result "1-0"]
[WhiteElo "1611"]
[BlackElo "1427"]
[PlyCount "99"]
[EventDate "2019.04.27"]
[EventType "swiss"]
[EventRounds "9"]
[EventCountry "ESP"]
[SourceTitle "EXT 2020"]
[Source "ChessBase"]
[SourceDate "2019.10.17"]
[SourceVersion "1"]
[SourceVersionDate "2019.10.17"]
[SourceQuality "1"]

1. d4 Nf6 2. Bf4 e6 3. Nf3 b6 4. e3 Bb7 5. h3 c5 6. c3 Na6 7. Be2 Nc7 8. 0-0 cxd4 9. exd4 Ncd5 10. Bh2 d6 11. Qa4+ Nd7 12. c4 N5f6 13. Nc3 a6 14. Rfe1 Be7 15. Rad1 0-0 16. Nd2 d5 17. Bf3 b5 18. cxb5 Nb6 19. Qb3 axb5 20. Nxb5 Ra4 21. a3 Qd7 22. Nc3 Ra6 23. Be2 Nc4 24. Nxc4 dxc4 25. Bxc4 Raa8 26. d5 Nxd5 27. Nxd5 exd5 28. Bxd5 Bxd5 29. Rxd5 Qa7 30. Qe3 Bf6 31. Qxa7 Rxa7 32. Re2 Rc8 33. Rc5 Rd8 34. g4 g6 35. Be5 Bxe5 36. Rexe5 Rd2 37. Rb5 Kg7 38. Re3 Rad7 39. a4 Rc7 40. b4 Rc1+ 41. Kg2 Rdd1 42. Kf3 h6 43. a5 Rh1 44. Kf4 Rc4+ 45. Re4 Rxe4+ 46. Kxe4 Rxh3 47. a6 Ra3 48. Ra5 f5+ 49. gxf5 gxf5+ 50. Kf4 1-0

[Event "Barcelona La Lira op 12th"]
[Site "Barcelona"]
[Date "2019.05.09"]
[Round "5"]
[White "Ramos Alvarez, Maximo"]
[Black "Munoz Prior, Marcelo"]
[Result "1-0"]
[WhiteElo "1817"]
[BlackElo "1427"]
[PlyCount "69"]
[EventDate "2019.04.04"]
[EventType "swiss"]
[EventRounds "9"]
[EventCountry "ESP"]
[SourceTitle "CBM 190 Extra"]
[Source "ChessBase"]
[SourceDate "2019.07.15"]
[SourceVersion "1"]
[SourceVersionDate "2019.07.15"]
[SourceQuality "1"]

1. d4 d5 2. c4 Nf6 3. cxd5 Nxd5 4. e4 Nf6 5. Nc3 c6 6. Nf3 g6 7. Bc4 Bg7 8. Qb3 e6 9. 0-0 0-0 10. e5 Nd5 11. Ne4 b5 12. Be2 h6 13. Bd2 a5 14. a3 Na6 15. Qc2 Bd7 16. b3 Nb8 17. Ne1 Qb6 18. Nc3 Be8 19. Qd3 Kh7 20. Rc1 Nc7 21. Nc2 Bxe5 22. Qh3 Bg7 23. Ne4 Rh8 24. Be3 Nd5 25. Bd2 Kg8 26. Be3 Bf8 27. Ne1 Qd8 28. Nd3 Nxe3 29. fxe3 Bxa3 30. Nf6+ Kf8 31. Rc2 Be7 32. Ne4 Kg7 33. Ne5 Qd5 34. Nd2 c5 35. Bf3 1-0

[Event "Foment Martinenc op-B 21st"]
[Site "Barcelona"]
[Date "2019.04.27"]
[Round "1"]
[White "Munoz Prior, Marcelo"]
[Black "Arias Aranda, Guillem"]
[Result "0-1"]
[WhiteElo "1427"]
[BlackElo "1649"]
[PlyCount "85"]
[EventDate "2019.04.27"]
[EventType "swiss"]
[EventRounds "9"]
[EventCountry "ESP"]
[SourceTitle "EXT 2020"]
[Source "ChessBase"]
[SourceDate "2019.10.17"]
[SourceVersion "1"]
[SourceVersionDate "2019.10.17"]
[SourceQuality "1"]

1. d4 d6 2. Nf3 Nd7 3. c4 Ngf6 4. Nc3 g6 5. g3 Bg7 6. Bg2 0-0 7. 0-0 e5 8. e4 Re8 9. h3 c6 10. dxe5 Nxe5 11. Nxe5 dxe5 12. Be3 Be6 13. b3 Qa5 14. Qc2 Rad8 15. Na4 Bf8 16. a3 Rd7 17. b4 Qa6 18. Nb2 Red8 19. Rfe1 b6 20. Bf1 Qc8 21. Kh2 c5 22. b5 a6 23. Na4 Qb7 24. bxa6 Qxa6 25. f3 Ra7 26. Nb2 Rad7 27. Qc3 Bg7 28. a4 Rb8 29. a5 bxa5 30. Na4 Qb7 31. Bxc5 Qb3 32. Reb1 Qxb1 33. Rxb1 Rxb1 34. Qxa5 h5 35. Qc3 Rxf1 36. Kg2 Rfd1 37. Be3 R7d3 38. Qc2 Rd8 39. Bg5 Kh7 40. c5 Bh6 41. Bxf6 R8d2+ 42. Qxd2 Rxd2+ 43. Kf1 0-1

[Event "Port de Pollensa op"]
[Site "Port de Pollenca"]
[Date "2019.03.20"]
[Round "3"]
[White "Rossello Sanchez, Bartolome"]
[Black "Munoz Prior, Marcelo"]
[Result "1-0"]
[WhiteElo "1604"]
[BlackElo "1381"]
[PlyCount "83"]
[EventDate "2019.03.18"]
[EventType "swiss"]
[EventRounds "7"]
[EventCountry "ESP"]
[SourceTitle "CBM 189 Extra"]
[Source "ChessBase"]
[SourceDate "2019.06.03"]
[SourceVersion "1"]
[SourceVersionDate "2019.06.03"]
[SourceQuality "1"]

1. c4 c5 2. Nc3 Nf6 3. g3 Nc6 4. Bg2 d6 5. d3 g6 6. Bg5 Bg7 7. Nf3 0-0 8. Qd2 Rb8 9. e4 Qa5 10. 0-0 Ne8 11. Bh6 e5 12. Bxg7 Kxg7 13. Ne1 Ne7 14. f4 f6 15. f5 Bd7 16. Nc2 Nc7 17. Ne3 b5 18. fxg6 hxg6 19. Ned5 Ncxd5 20. exd5 bxc4 21. dxc4 Bf5 22. h3 g5 23. g4 Bh7 24. Qc1 Bd3 25. Rf2 Bxc4 26. Be4 Rh8 27. Qe3 Qa6 28. b3 Bxb3 29. Rxf6 Kxf6 30. Rf1+ Qxf1+ 31. Kxf1 Bc4+ 32. Kg1 Rb2 33. Bg2 Rxg2+ 34. Kxg2 Bxd5+ 35. Kg3 Bc6 36. Qd2 Rd8 37. Qc2 Kg7 38. Qd2 Rf8 39. Qxg5+ Ng6 40. Kh2 Rf3 41. Nd1 Bb5 42. Ne3 1-0

[Event "Barcelona Sant Marti op 8th"]
[Site "Barcelona"]
[Date "2019.02.14"]
[Round "5"]
[White "Montilla Gordillo, Marti"]
[Black "Munoz Prior, Marcelo"]
[Result "0-1"]
[WhiteElo "1615"]
[BlackElo "1381"]
[PlyCount "51"]
[EventDate "2019.01.17"]
[EventType "swiss"]
[EventRounds "9"]
[EventCountry "ESP"]
[SourceTitle "CBM 189 Extra"]
[Source "ChessBase"]
[SourceDate "2019.06.03"]
[SourceVersion "1"]
[SourceVersionDate "2019.06.03"]
[SourceQuality "1"]

1. e4 g6 2. d4 Bg7 3. f4 d6 4. Nf3 c6 5. Nc3 Nd7 6. Bc4 Nh6 7. 0-0 b5 8. Bd3 Qb6 9. Ne2 c5 10. c3 Bb7 11. Bc2 Rd8 12. Be3 Ng4 13. Qd2 Ndf6 14. Ng3 Nxe3 15. Qxe3 Ng4 16. Qd2 e5 17. h3 cxd4 18. Kh1 Ne3 19. Rfe1 exf4 20. Ne2 dxc3 21. Nxc3 0-0 22. Bb3 Bxc3 23. Qxc3 Bxe4 24. Qf6 Nf5 25. Ng5 d5 26. Kh2 0-1

[Event "Barcelona Sant Marti op 8th"]
[Site "Barcelona"]
[Date "2019.01.24"]
[Round "2"]
[White "Tortosa Moros, Joan"]
[Black "Munoz Prior, Marcelo"]
[Result "0-1"]
[WhiteElo "1694"]
[BlackElo "1381"]
[PlyCount "120"]
[EventDate "2019.01.17"]
[EventType "swiss"]
[EventRounds "9"]
[EventCountry "ESP"]
[SourceTitle "CBM 189 Extra"]
[Source "ChessBase"]
[SourceDate "2019.06.03"]
[SourceVersion "1"]
[SourceVersionDate "2019.06.03"]
[SourceQuality "1"]

1. e4 g6 2. d4 Bg7 3. Nc3 c6 4. f4 d5 5. e5 h5 6. h3 Nh6 7. Bd3 Qb6 8. Nf3 Nf5 9. Bxf5 Bxf5 10. Nh4 Be4 11. Nxe4 dxe4 12. c3 e6 13. Qc2 Qd8 14. g3 Qd5 15. Ng2 e3 16. Bxe3 Na6 17. a3 b5 18. 0-0-0 Nc7 19. Kb1 a5 20. Bc1 Qf3 21. Rd3 Qd5 22. Rhd1 Bf8 23. Ne3 Qe4 24. Qg2 Qxg2 25. Nxg2 Nd5 26. Ne3 Nb6 27. b3 a4 28. b4 h4 29. g4 Be7 30. f5 Bg5 31. fxe6 fxe6 32. Rf1 Rf8 33. Rxf8+ Kxf8 34. Rd1 Be7 35. Rf1+ Kg7 36. Ng2 g5 37. Ne1 Rf8 38. Rxf8 Kxf8 39. Nf3 Nd5 40. Bxg5 Nxc3+ 41. Kc2 Nd5 42. Bxe7+ Kxe7 43. Nxh4 Kf7 44. Nf3 Kg6 45. Kd2 Nb6 46. Nh4+ Kg5 47. Nf3+ Kf4 48. g5 Kxf3 49. g6 Nc8 50. g7 Ne7 51. Kd3 Kg3 52. Ke4 Kh4 53. Kf4 Kh5 54. Kf3 Kg6 55. h4 Kxg7 56. Kg4 Nc8 57. Kg5 Ne7 58. h5 Ng8 59. Kh4 Ne7 60. Kg5 Nf5 0-1

[Event "Barcelona Sant Marti op-B 20th"]
[Site "Barcelona"]
[Date "2018.07.21"]
[Round "9"]
[White "Ruiz Serra, Guillem"]
[Black "Munoz Prior, Marcelo"]
[Result "1-0"]
[WhiteElo "1199"]
[BlackElo "1631"]
[PlyCount "111"]
[EventDate "2018.07.13"]
[EventType "swiss"]
[EventRounds "9"]
[EventCountry "ESP"]
[SourceTitle "EXT 2019"]
[Source "ChessBase"]
[SourceDate "2018.10.10"]
[SourceVersion "1"]
[SourceVersionDate "2018.10.10"]
[SourceQuality "1"]

1. e4 e5 2. Nf3 d6 3. Bc4 Nd7 4. d3 Be7 5. c3 Nb6 6. Bb3 Bf6 7. Nbd2 Ne7 8. 0-0 a5 9. a4 Be6 10. Re1 0-0 11. h3 Qc8 12. Bxe6 fxe6 13. Nf1 c5 14. Qb3 Ra6 15. N1d2 Ng6 16. Nc4 Nxc4 17. Qxc4 h6 18. g3 Be7 19. Nh2 Qd7 20. Qa2 Kh8 21. c4 d5 22. exd5 exd5 23. Kg2 Qf5 24. Rf1 Qxd3 25. cxd5 Rd6 26. Be3 Qxd5+ 27. Qxd5 Rxd5 28. Rad1 Rfd8 29. Rxd5 Rxd5 30. h4 e4 31. Re1 Re5 32. Nf1 Kg8 33. Bc1 Nf8 34. Bf4 Re6 35. Nd2 Bf6 36. b3 Bc3 37. Rxe4 Bxd2 38. Rxe6 Bxf4 39. Rb6 Bd2 40. Rxb7 Ne6 41. Rb6 Nd4 42. Kh3 Bb4 43. Rb8+ Kf7 44. f4 Nxb3 45. g4 Nd4 46. Rb7+ Kg8 47. g5 h5 48. g6 Kf8 49. Rf7+ Ke8 50. Rxg7 Ne6 51. Rf7 c4 52. f5 Nf8 53. Rg7 Nd7 54. Rxd7 Kf8 55. g7+ Kg8 56. f6 1-0

[Event "Barcelona Sant Marti op-B 20th"]
[Site "Barcelona"]
[Date "2018.07.20"]
[Round "8"]
[White "Munoz Prior, Marcelo"]
[Black "Bernat Mor, Juli"]
[Result "0-1"]
[WhiteElo "1631"]
[BlackElo "1370"]
[PlyCount "62"]
[EventDate "2018.07.13"]
[EventType "swiss"]
[EventRounds "9"]
[EventCountry "ESP"]
[SourceTitle "EXT 2019"]
[Source "ChessBase"]
[SourceDate "2018.10.10"]
[SourceVersion "1"]
[SourceVersionDate "2018.10.10"]
[SourceQuality "1"]

1. d4 d5 2. Nf3 c6 3. g3 Bf5 4. Bg2 Nf6 5. 0-0 Qc8 6. Re1 Bh3 7. Bh1 h6 8. a4 e6 9. Nbd2 Be7 10. Ne5 Bf5 11. a5 0-0 12. e3 Nbd7 13. Nxd7 Qxd7 14. c4 Qc7 15. e4 Nxe4 16. Nxe4 Bxe4 17. Bxe4 dxe4 18. Rxe4 Qd7 19. Qg4 f5 20. Qh3 fxe4 21. Qg4 Rf6 22. Bf4 Qxd4 23. Rd1 Qxb2 24. Rd7 Bf8 25. Be3 Qe5 26. Qh3 Qa1+ 27. Kg2 Qxa5 28. Bd4 Rd8 29. Bxf6 Rxd7 30. Qxe6+ Rf7 31. Bd4 Qf5 0-1

[Event "Barcelona Gotic op 2nd"]
[Site "Barcelona"]
[Date "2018.05.15"]
[Round "3"]
[White "Munoz Prior, Marcelo"]
[Black "Garcia Miralles, Eduard"]
[Result "1-0"]
[WhiteElo "1618"]
[BlackElo "1414"]
[PlyCount "65"]
[EventDate "2018.04.24"]
[EventType "swiss"]
[EventRounds "8"]
[EventCountry "ESP"]
[SourceTitle "EXT 2019"]
[Source "ChessBase"]
[SourceDate "2018.10.10"]
[SourceVersion "1"]
[SourceVersionDate "2018.10.10"]
[SourceQuality "1"]

1. d4 e6 2. Bf4 Nf6 3. e3 b6 4. Nd2 Bb7 5. Ngf3 Be7 6. Bd3 Nh5 7. Qe2 Nxf4 8. exf4 0-0 9. 0-0-0 a5 10. Ne4 d6 11. h4 Nd7 12. Nfg5 h6 13. Rde1 Nf6 14. Nxe6 fxe6 15. Ng5 Bc8 16. Nxe6 Bxe6 17. Qxe6+ Rf7 18. Bg6 Qe8 19. Bxf7+ Qxf7 20. Qxe7 Qxa2 21. Qe6+ Qxe6 22. Rxe6 Kf7 23. Rhe1 Nd5 24. g3 Rc8 25. c3 b5 26. Kc2 b4 27. c4 Nb6 28. b3 Nxc4 29. bxc4 a4 30. R6e3 a3 31. Kb3 Ra8 32. Ra1 c5 33. dxc5 1-0